Ddt and its derivatives : environmental aspects
Saved in:
| Corporate Authors: | , , |
|---|---|
| Format: | Book |
| Language: | English |
| Published: |
Geneva :
World Health Organization,
1989.
|
| Series: | Environmental health criteria ;
83 |
| Subjects: | |
| Tags: |
Add Tag
No Tags, Be the first to tag this record!
|
MARC
| LEADER | 00000cam a2200000 i 4500 | ||
|---|---|---|---|
| 001 | 1/1535 | ||
| 008 | 950711s1989 sz | ||| |||| ||eng|| | ||
| 020 | |a 9241542837 | ||
| 035 | |l 10014475 | ||
| 040 | |a GR-MyUa |b gre |e AACR2 | ||
| 041 | 0 | |a eng | |
| 082 | 7 | |a 632.951 |2 (22) | |
| 245 | 0 | 0 | |a Ddt and its derivatives : |b environmental aspects / |c United Nations Environment Programme, International Labour Organisation, World Health Organization. |
| 260 | |a Geneva : |b World Health Organization, |c 1989. | ||
| 300 | |a 98 σ. ; |c 21 εκ. | ||
| 490 | 1 | |a (Environmental health criteria ; |v 83) | |
| 500 | |a Published under the joint sponsorship of the United Nations Environment Programme, the International Labour Organisation and the World Health Organisation. | ||
| 650 | 0 | 0 | |a DDT (Insecticide) |x Toxicology. |
| 650 | 0 | 0 | |a DDT (Insecticide) |x Environmental aspects. |
| 710 | 2 | |a United Nations Environment Programme. | |
| 710 | 2 | |a International Labour Organisation. | |
| 710 | 2 | |a World Health Organization. | |
| 830 | 0 | |a Environmental health criteria ; |v 83 | |
| 852 | |a INST |b LESVOS |e 19950711 |h 632.951 DDT |p 005100007757 |q 005100007757 |t BK |y 0 | ||
| 922 | |a 1ΕΛΗ |b 199306 |c ΠΠ/3108 | ||